| 000 | 00952nam a2200181 a 4500 | ||
|---|---|---|---|
| 008 | 140612s1993 ||||||||||||||||| || u | ||
| 050 | _aIBRD(058)TDE/E | ||
| 110 | _aWorld Bank | ||
| 245 | 1 | 0 | _aTrends in developing economies: Extracts: Vol. 1, Eastern Europe and Central Asia |
| 260 |
_aWashington, D. C. _bWorld Bank _c1993 |
||
| 300 | _ax, 101p.: ill. | ||
| 362 | 1 | _a1993 - 1995 | |
| 650 | _aECONOMIC DEVELOPMENT--ASIA, CENTRAL | ||
| 650 | _aECONOMIC DEVELOPMENT--EUROPE, EASTERN | ||
| 995 |
_aSPECIAL COLLECTIONS _e026603 _FCBU-MAIN LIBRARY (Kitwe) _jIBRD(058)TDE/E/1994/1 _M2 _UAVAILABLE _WJun 12, 2014 _y026603 _ZInternational Publications |
||
| 995 |
_aSPECIAL COLLECTIONS _e025489 _FCBU-MAIN LIBRARY (Kitwe) _jIBRD(058)TDE/E/1993/1 _M1 _UAVAILABLE _WJun 12, 2014 _y025489 _ZInternational Publications |
||
| 995 |
_aSPECIAL COLLECTIONS _e025089 _FCBU-MAIN LIBRARY (Kitwe) _jIBRD(058)TDE/E/1995/1 _M3 _UAVAILABLE _WJun 12, 2014 _y025089 _ZInternational Publications |
||
| 999 |
_c81433 _d81433 |
||